000
002690000a22001090004500
090
_a
AS
_b
Seriadas
245
1
0
_a
Sertula Florae Colombiae II
041
0
_a
EspaƱol
100
1
_a
Uribe Uribe, Lorenzo
_9
96776
942
_c
ARTICULO
773
1
_t
Caldasia
_m
1955
_h
32
_q
159-166
_g
7
999
_c
15834
_d
15834